Top 10 Songs by Ozzy Osbourne - Statistics

General Stats
  • This quiz has been taken 12 times
  • The average score is 5 of 10
Answer Stats
Hint Answer % Correct
1 Crazy Train
91%
3 Mama, I'm Coming Home
91%
2 Mr. Crowley
82%
4 No More Tears
64%
5 Bark at the Moon
55%
8 Shot in the Dark
45%
6 Flying High Again
27%
10 Close My Eyes Forever
18%
7 Diary of a Madman
9%
9 I Don't Want to Change the World
9%
No matching quizzes found
Score Distribution
Percent of People with Each Score
Percentile by Number Answered
Your Score History
You have not taken this quiz